Republican or Democrat? - Statistics

General Stats
  • This quiz has been taken 62 times
    61 since last reset
  • The average score is 5 of 15
Answer Stats
Question Answer % Correct
Abolished Slavery (13th Amendment) Republican
100%
The New Deal Democrat
50%
Trail of Tears Democrat
50%
Cuban Missile Crisis Democrat
50%
Ended Prohibition (21st Amendment) Democrat
50%
Emancipation Proclamation Republican
50%
Gave Black Men the Right to Vote (15th Amendment) Republican
50%
Tax Reform Act Republican
50%
Gave Women the Right to Vote (19th Amendment) Democrat
0%
Civil Rights Act Democrat
0%
Federal Reserve Act Democrat
0%
Wounded Knee Massacre Republican
0%
Pure Food and Drug Act Republican
0%
Federal-Aid Highway act Republican
0%
Great American Outdoors Act Republican
0%
No matching quizzes found
Score Distribution
Percent of People with Each Score
Percentile by Number Answered
Your Score History
You have not taken this quiz since the last reset